MARC

LEADER 00000nam0a2200000 4500
001 130249
005 20250821092008.0
010 |a 5345002282 
035 |a (RuTPU)RU\TPU\book\141069 
090 |a 130249 
100 |a 20080201d1988 m y0rusy5003 ca 
101 0 |a rus 
102 |a BY 
105 |a a z 000zy 
200 1 |a Пусть легким окажется путь  |f П. Д. Дудко 
210 |a Минск  |c Полымя  |d 1988 
215 |a 176 с.  |c ил. 
333 |a Исключено из фонда НТБ ТПУ 
610 1 |a автомобильный туризм 
610 1 |a путешествия 
610 1 |a физическая подготовка 
610 1 |a психологическая подготовка 
610 1 |a режим дня 
610 1 |a подготовка автомобиля 
610 1 |a вождение автомобиля 
610 1 |a маршруты 
610 1 |a полезные советы 
675 |a 796 
700 1 |a Дудко  |b П. Д.  |g Петр Данилович  |4 070 
801 0 |a RU  |b RuMRKP  |c 19950417  |g psbo 
801 1 |a RU  |b 63413507  |c 20080201  |g PSBO 
801 2 |a RU  |b 63413507  |c 20080201  |g PSBO 
942 |c BK